Proceedings of site-specific management for agricultural systems : second international conference, March 27-30, 1994 Thunderbird Hotel, 2201 East 78th St., Minneapolis, MN : conducted by the Department of Soil Science and Minnesota Extension Service, University of Minnesota /
Guardado en:
| Autores Corporativos: | , , |
|---|---|
| Otros Autores: | , , |
| Formato: | Libro |
| Idioma: | English |
| Publicado: |
Madison, WI, USA :
American Society of Agronomy : Crop Science Society of America : Soil Science Society of America,
c1995.
|
| Etiquetas: |
Agregar Etiqueta
Sin Etiquetas, Sea el primero en etiquetar este registro!
|
| LEADER | 01578cam a2200253 a 4500 | ||
|---|---|---|---|
| 001 | EEA.libagro009607 | ||
| 005 | 20161011122300.0 | ||
| 008 | 951227s1995####wiuab####b####100#0#eng#d | ||
| 020 | |a 089118127X | ||
| 082 | 0 | 0 | |a 631.47 |
| 082 | 0 | 0 | |a 003 |
| 111 | 2 | |a International Conference on Site-Specific Management for Agricultural Systems |n (2nd : |d 1994 : |c Minneapolis, Minn.) | |
| 245 | 0 | 0 | |a Proceedings of site-specific management for agricultural systems : |b second international conference, March 27-30, 1994 Thunderbird Hotel, 2201 East 78th St., Minneapolis, MN : conducted by the Department of Soil Science and Minnesota Extension Service, University of Minnesota / |c editors P.C. Robert, R.H. Rust, and W.E. Larson. |
| 246 | 3 | 0 | |a Site-specific management for agricultural systems |
| 260 | |a Madison, WI, USA : |b American Society of Agronomy : |b Crop Science Society of America : |b Soil Science Society of America, |c c1995. | ||
| 300 | |a xvii, 993 p. : |b il., maps ; |c 23 cm. | ||
| 500 | |a "The proceedings of the Second International Conference on Site-Specific Management for Agricultural Systems, held in Minneapolis (Bloomington), March 28-30, 1994, a first conference was held in Minneapolis in April 1992"--P. xiii. | ||
| 504 | |a Incluye referencias bibliográficas. | ||
| 700 | 1 | |a Robert, P. C. |q (Pierre C.) | |
| 700 | 1 | |a Rust, Richard H. |q (Richard Henry), |d 1921- | |
| 700 | 1 | |a Larson, William E., |d 1921- | |
| 710 | 2 | |a University of Minnesota. |b Department of Soil Science. | |
| 710 | 2 | |a Minnesota Extension Service. | |
| 859 | |a AR-BbBCA |b BIB. AGRONOMIA |h 631.47 |i I61 2 1994 |p 1998/3183 | ||
